Memorial histórico español (Record no. 167059)
[ view plain ]
| 000 -LEADER | |
|---|---|
| campo de control de longitud fija | 01244nam a2200229 i 4500 |
| 001 - NÚMERO DE CONTROL | |
| campo de control | 167059 |
| 003 - IDENTIFICADOR DE NÚMERO DE CONTROL | |
| campo de control | ES-MaACL |
| 005 - FECHA Y HORA DE LA ÚLTIMA TRANSACCIÓN | |
| campo de control | 20250928125921.0 |
| 008 - DATOS DE LONGITUD FIJA--INFORMACIÓN GENERAL | |
| campo de control de longitud fija | 150326s1852 sp |||| | spa d |
| 245 00 - MENCIÓN DEL TÍTULO | |
| Título | Memorial histórico español |
| Resto del título | : colección de documentos, opúsculos y antigüedades que publica la Real Academia de Historia. |
| Número de parte o sección de la obra | 3. |
| 260 ## - PUBLICACIÓN, DISTRIBUCIÓN, ETC. | |
| Lugar de publicación, distribución, etc. | Madrid : |
| Nombre del editor, distribuidor, etc. | Real Academia de la Historia, |
| Fecha de publicación, distribución, etc. | 1852. |
| 300 ## - DESCRIPCIÓN FÍSICA | |
| Extensión | XL, 470 p. ; |
| Dimensiones | 22 cm. |
| 490 1# - MENCIÓN DE SERIE | |
| Mención de serie | Memorial histórico español ; |
| Designación de volumen o secuencia | 3 |
| 505 8# - NOTA DE CONTENIDO CON FORMATO | |
| Nota de contenido con formato | Contiene: Actividades de la Real Academia de la Historia (XL).- Sumario e recopilación de todo lo romançado desde antes de la Guerra del Reyno de Granada : y en ella y después que se acabó hasta oy dia... 1575 / por mi el Licenciado Alonso del Castillo -- Documentos de la época de D. Sancho el Bravo - Inscripción arábiga de Sevilla - Inscripción de Almería |
| 600 14 - PUNTO DE ACCESO ADICIONAL DE MATERIA--NOMBRE DE PERSONA | |
| Nombre de persona | Sancho |
| Numeración | IV |
| Títulos y otros términos asociados al nombre | Rey de Castilla. |
| 9 (RLIN) | 103042 |
| 650 #4 - PUNTO DE ACCESO ADICIONAL DE MATERIA--TÉRMINO DE MATERIA | |
| Término de materia o nombre geográfico como elemento de entrada | Moriscos- |
| Subdivisión geográfica | Granada (Reino) |
| 9 (RLIN) | 156634 |
| 651 #4 - PUNTO DE ACCESO ADICIONAL DE MATERIA--NOMBRE GEOGRÁFICO | |
| Nombre geográfico | España- |
| Subdivisión general | Historia- |
| Subdivisión cronológica | 1568-1570, Guerra de las Alpujarras. |
| 9 (RLIN) | 149632 |
| 700 1# - ENTRADA AGREGADA--NOMBRE PERSONAL | |
| Nombre de persona | Castillo, Alonso del, |
| Fechas asociadas al nombre | 1525-1690? |
| 9 (RLIN) | 156635 |
| 830 00 - PUNTO DE ACCESO ADICIONAL DE SERIE-TÍTULO UNIFORME | |
| Título uniforme | Memorial histórico español |
| Designación de volumen o secuencia | 3 |
| 9 (RLIN) | 187759 |
| 852 ## - LOCALIZACIÓN | |
| Ubicación | ES-MaACL |
| Número de control de estantería | C-19308 |
| Estatus retirado | Estado de pérdida | Estado de daño | No para préstamo | Colección | Biblioteca de origen | Biblioteca actual | Ubicación en estantería | Fecha de adquisición | Fuente de adquisición | Total de préstamos | Signatura topográfica completa | Código de barras | Visto por última vez | Precio de reemplazo | Tipo de ítem Koha |
|---|---|---|---|---|---|---|---|---|---|---|---|---|---|---|---|
| Libros del s. XIX | Biblioteca del Ateneo de Madrid | Biblioteca del Ateneo de Madrid | Galería | 26/03/2015 | C-19308 | 1193677 | 23/02/2023 | 23/02/2023 | Libro impreso antiguo |
